Complex variables and applications (Record no. 3507)

000 -LEADER
fixed length control field 00586nam a22002297a 4500
001 - CONTROL NUMBER
control field 3507
003 - CONTROL NUMBER IDENTIFIER
control field BD-DhUET
008 - FIXED-LENGTH DATA ELEMENTS--GENERAL INFORMATION
fixed length control field 141101b xxu||||| |||| 00| 0 eng d
020 ## - INTERNATIONAL STANDARD BOOK NUMBER
International Standard Book Number 0070108552
040 ## - CATALOGING SOURCE
Transcribing agency 0
Modifying agency BD-DhUET
082 ## - DEWEY DECIMAL CLASSIFICATION NUMBER
Classification number 517.8
Item number CHU/1974
100 ## - MAIN ENTRY--PERSONAL NAME
Personal name Churchill, Ruel V.
245 ## - TITLE STATEMENT
Title Complex variables and applications
250 ## - EDITION STATEMENT
Edition statement 3rd ed.
260 ## - PUBLICATION, DISTRIBUTION, ETC. (IMPRINT)
Place of publication, distribution, etc. New York
Name of publisher, distributor, etc. McGraw-Hill
Date of publication, distribution, etc. 1974
300 ## - PHYSICAL DESCRIPTION
Extent x, 332 p.
Other physical details ill.
Dimensions 23 cm.
504 ## - BIBLIOGRAPHY, ETC. NOTE
Bibliography, etc Includes bibliographies
650 #0 - SUBJECT ADDED ENTRY--TOPICAL TERM
Topical term or geographic name as entry element Complex variables
700 ## - ADDED ENTRY--PERSONAL NAME
Personal name Brown, James W.
700 ## - ADDED ENTRY--PERSONAL NAME
Personal name Verhey, Roger F.
942 ## - ADDED ENTRY ELEMENTS (KOHA)
Koha item type General Book
Holdings
Koha renewals Price effective from Damaged status Withdrawn status Koha item type Koha full call number Koha date last borrowed Not for loan Lost status Date acquired Koha date last seen Koha normalized classification for sorting Source of classification or shelving scheme Piece designation (barcode) Shelving location Location (home branch) Sublocation or collection (holding branch) Copy number
 2014-11-01  General Book517.8/CHU/1974   2014-11-012014-11-01517_800000000000000_CHU_1974 39411Circulation sectionCentral Library, BUETCentral Library, BUET1
 2014-11-01  General Book517.8/CHU/1974   2014-11-012014-11-01517_800000000000000_CHU_1974 43301Circulation sectionCentral Library, BUETCentral Library, BUET2
 2014-11-01  General Book517.8/CHU/1974   2014-11-012014-11-01517_800000000000000_CHU_1974 45109Circulation sectionCentral Library, BUETCentral Library, BUET3
 2014-11-01  General Book517.8/CHU/1974   2014-11-012016-05-18517_800000000000000_CHU_1974 52889Circulation sectionCentral Library, BUETCentral Library, BUET4
 2014-11-17  General Book517.8/CHU/1974   2014-11-172016-04-02517_800000000000000_CHU_1974 37655Circulation sectionCentral Library, BUETCentral Library, BUET5
22014-11-17  General Book517.8/CHU/1974   2014-11-172016-08-30517_800000000000000_CHU_1974 58032Circulation sectionCentral Library, BUETCentral Library, BUET6
 2015-05-03  General Book517.8/CHU/19740000-00-00  2015-05-032015-05-03517_800000000000000_CHU_1974 52887Circulation sectionCentral Library, BUETCentral Library, BUET7
 2015-05-03  General Book517.8/CHU/1974   2015-05-032015-05-03517_800000000000000_CHU_1974 37654Circulation sectionCentral Library, BUETCentral Library, BUET8
 2015-05-04  General Book517.8/CHU/1974   2015-05-042015-05-04517_800000000000000_CHU_1974 39412Circulation sectionCentral Library, BUETCentral Library, BUET9
 2015-05-20  General Book517.8/CHU/1974   2015-05-202015-05-20517_800000000000000_CHU_1974 58033Circulation sectionCentral Library, BUETCentral Library, BUET10
 2015-06-13  Reading Item517.8/CHU/1974   2015-06-132015-06-13517_800000000000000_CHU_1974 24535Reading sectionCentral Library, BUETCentral Library, BUET11
 2015-07-13  General Book517.8/CHU/1974   2015-07-132015-07-13517_800000000000000_CHU_1974 43304Circulation sectionCentral Library, BUETCentral Library, BUET12